000 00445nam a2200193Ia 4500
003 OSt
005 20251113091839.0
008 250729s2006 xx 000 0 und d
020 _a978-9351381709
040 _cAL
041 _aeng
082 _a420.7 KRIM
100 _aKrishnaswamy N
_9224333
245 _aMethods of teaching english
260 _aNew Delhi
_c2006
300 _a246p
650 _aEnglish
_9224334
942 _2ddc
_cBED
999 _c236358
_d236358